000 00526nam a2200181Ia 4500
005 20250923145907.0
008 008 250917s9999 xx 000 0 eng d
037 _aTextual
040 _aDSWL
_beng
_cDSWL
041 _aeng
_2eng
084 _aX8(HI91):9B/28293, N91
_qDSWL
100 _aGhosh, A.
_9840025
245 0 _aStreet children of Calcutta
_c by A. Ghosh
260 _aNoida
_b N.L.I.
_c1992
300 _aviii,112p.
942 _cTEXL
_hX8(HI91):9B/28293, N91
999 _c1457038
_d1457038